Top Five Countries by Demographic - Statistics

General Stats
  • This quiz has been taken 1,797 times
  • The average score is 37 of 40
Answer Stats
Demograhpic # Country % Correct
Spanish Speakers 40.0 mil United States
100%
Immigrants 46.6 mil United States
100%
Prisoners 2.2 mil United States
100%
Senior Citizens 47.5 mil United States
100%
Females 164 mil United States
100%
Billionares 615 United States
100%
Under 15 233 mil China
98%
Prisoners 2.3 mil China
98%
Senior Citizens 131 mil China
98%
Females 667 mil China
98%
Billionares 268 China
98%
Muslims 177 mil India
98%
Under 15 380 mil India
98%
Prisoners 418,536 India
98%
Senior Citizens 73.6 mil India
98%
Females 618 mil India
98%
Billionares 90 India
98%
Spanish Speakers 113 mil Mexico
98%
Spanish Speakers 38.2 mil Spain
97%
Spanish Speakers 40.3 mil Argentina
94%
Muslims 204 mil Indonesia
94%
Under 15 72.1 mil Indonesia
94%
Females 129 mil Indonesia
94%
Muslims 178 mil Pakistan
94%
Under 15 66.1 mil Pakistan
94%
Immigrants 8.6 mil United Kingdom
93%
Billionares 117 United Kingdom
93%
Senior Citizens 33.4 mil Japan
91%
Spanish Speakers 48.0 mil Colombia
90%
Immigrants 12.1 mil Germany
90%
Billionares 103 Germany
90%
Immigrants 11.6 mil Russia
90%
Prisoners 644,696 Russia
90%
Senior Citizens 19.3 mil Russia
90%
Muslims 80.0 mil Egypt
87%
Prisoners 607,731 Brazil
86%
Females 104 mil Brazil
86%
Muslims 148 mil Bangladesh
82%
Under 15 80.2 mil Nigeria
82%
Immigrants 9.1 mil Saudi Arabia
75%
No matching quizzes found
Score Distribution
Percent of People with Each Score
Percentile by Number Answered
Your Score History
You have not taken this quiz